Leonardo Torres Quevedo : (Record no. 196784)

MARC details
000 -LEADER
campo de control de longitud fija 01336nam a2200301 i 4500
001 - NÚMERO DE CONTROL
campo de control 196784
003 - IDENTIFICADOR DE NÚMERO DE CONTROL
campo de control SpMaBN
005 - FECHA Y HORA DE LA ÚLTIMA TRANSACCIÓN
campo de control 20250730063206.0
008 - DATOS DE LONGITUD FIJA--INFORMACIÓN GENERAL
campo de control de longitud fija 211121s2024 xx |||||||||||00| ||spa||
017 ## - NÚMERO DE COPYRIGHT O DE DEPÓSITO LEGAL
Número de copyright o de depósito legal M 20309-2024
Agencia que asigna Oficina Depósito Legal Madrid
020 ## - NÚMERO INTERNACIONAL ESTÁNDAR DEL LIBRO
Número Internacional Estándar del Libro 9788410671096
040 ## - FUENTE DE CATALOGACIÓN
Centro catalogador/agencia de origen SpMaBN
Lengua de catalogación spa
Centro/agencia transcriptor SpMaBN
Normas de descripción rda
100 1# - ENTRADA PRINCIPAL--NOMBRE DE PERSONA
Nombre de persona González Redondo, Francisco A
9 (RLIN) 239326
Término indicativo de función/relación Autor
245 10 - MENCIÓN DEL TÍTULO
Título Leonardo Torres Quevedo :
Resto del título su vida, su mundo /
Mención de responsabilidad, etc. Francisco A. González Redondo.
260 ## - PUBLICACIÓN, DISTRIBUCIÓN, ETC.
Lugar de publicación, distribución, etc. Madrid :
Nombre del editor, distribuidor, etc. Los libros de la catarata,
-- Real Sociedad Española de Física,
-- Fundación Ramón Arces,
Fecha de publicación, distribución, etc. 2024
264 ## - PRODUCCIÓN, PUBLICACIÓN, DISTRIBUCIÓN, FABRICACIÓN Y COPYRIGHT
Producción, publicación, distribución, fabricación y copyright ©2024
300 ## - DESCRIPCIÓN FÍSICA
Extensión 123 páginas ;
Dimensiones 22 cm
336 ## - TIPO DE CONTENIDO
Término de tipo de contenido Texto
Fuente rdacontent
337 ## - TIPO DE MEDIO
Nombre/término del tipo de medio sin mediación
Fuente rdamedia
338 ## - TIPO DE SOPORTE
Nombre/término del tipo de soporte volumen
Fuente rdacarrier
600 14 - PUNTO DE ACCESO ADICIONAL DE MATERIA--NOMBRE DE PERSONA
9 (RLIN) 111002
Nombre de persona Torres Quevedo, Leonardo,
Fechas asociadas al nombre 1852-1936
852 ## - LOCALIZACIÓN
Ubicación ES-MaACL
Ubicación en estantería Depósito J
Número de control de estantería N-10246
Anotaciones manuscritas Dedicatoria autógrafa del autor
Donativo/Legado Donación: Francisco A. González Redondo
Encuadernación Encuadernación rústica con solapas
itemnumber 206372
903 ## - NOMBRE PERSONAL DE DONANTE
9 239326
a González Redondo, Francisco A
e Donante
942 ## - ELEMENTOS DE ENTRADA SECUNDARIOS (KOHA)
Tipo de ítem Koha Libro impreso
Suprimir en OPAC No
Holdings
Estatus retirado Estado de pérdida Fuente del sistema de clasificación o colocación Estado de daño No para préstamo Colección Biblioteca de origen Biblioteca actual Ubicación en estantería Fecha de adquisición Fuente de adquisición Total de préstamos Signatura topográfica completa Código de barras Visto por última vez Precio de reemplazo Tipo de ítem Koha
    Clasificación decimal universal     Libros con dedicatorias Biblioteca del Ateneo de Madrid Biblioteca del Ateneo de Madrid Depósito J 28/07/2025 Donación   N-10246 2025-0757 28/07/2025 28/07/2025 Libro impreso